| 000 -LEADER |
| fixed length control field |
00470nam a22001697a 4500 |
| 005 - DATE AND TIME OF LATEST TRANSACTION |
| control field |
20231004111540.0 |
| 008 - FIXED-LENGTH DATA ELEMENTS--GENERAL INFORMATION |
| fixed length control field |
231004s1972 enk||||| |||| 00| 0 eng d |
| 041 ## - LANGUAGE CODE |
| Language code of text/sound track or separate title |
eng |
| 080 ## - UNIVERSAL DECIMAL CLASSIFICATION NUMBER |
| Universal Decimal Classification number |
94 Pho-58 |
| 100 ## - MAIN ENTRY--PERSONAL NAME |
| Personal name |
Photinos, Spyros |
| 9 (RLIN) |
19990 |
| 245 ## - TITLE STATEMENT |
| Title |
Olympia: |
| Remainder of title |
Brief History and Complete Guide |
| Statement of responsibility, etc. |
Spyros Photinos |
| 264 ## - PRODUCTION, PUBLICATION, DISTRIBUTION, MANUFACTURE, AND COPYRIGHT NOTICE |
| Place of production, publication, distribution, manufacture |
Athens, |
| Date of production, publication, distribution, manufacture, or copyright notice |
1972. |
| 300 ## - PHYSICAL DESCRIPTION |
| Extent |
46 p.: |
| Other physical details |
ill.; |
| Dimensions |
24 cm. |
| 653 ## - INDEX TERM--UNCONTROLLED |
| keyword |
ოლიმპია |
| 653 ## - INDEX TERM--UNCONTROLLED |
| keyword |
ისტორია |
| 942 ## - ADDED ENTRY ELEMENTS (KOHA) |
| Source of classification or shelving scheme |
|
| Koha item type |
წიგნი |